Expository Preaching in Africa (Record no. 3733)
[ view plain ]
| 000 -LEADER | |
|---|---|
| fixed length control field | 00400nam a22001457a 4500 |
| 008 - FIXED-LENGTH DATA ELEMENTS--GENERAL INFORMATION | |
| fixed length control field | 250602b |||||||| |||| 00| 0 eng d |
| 020 ## - INTERNATIONAL STANDARD BOOK NUMBER | |
| ISBN | 9789789054350 |
| 100 ## - MAIN ENTRY--AUTHOR | |
| Author | Biwul Joel Kawson-Tihislak |
| 245 ## - TITLE STATEMENT | |
| Title | Expository Preaching in Africa |
| 260 ## - PUBLICATION, DISTRIBUTION, ETC. (IMPRINT) | |
| Place of publication | Plateau |
| Name of publisher | African Christian Textbooks |
| Date of publication | 2019 |
| 300 ## - COLLATION | |
| Pagination | 299 |
| 650 ## - TRACINGS | |
| Main Subject | Expository preaching -Africa |
| 942 ## - ADDED ENTRY ELEMENTS (KOHA) | |
| Item type | Books |
| 050 ## - LIBRARY OF CONGRESS CALL NUMBER | |
| Classification number | BV4211.3 |
| Item number | .B59 |
| Source of classification or shelving scheme | Not for loan | Permanent location | Current location | Date acquired | Accession No. | Full call number | Barcode. | Koha item type |
|---|---|---|---|---|---|---|---|---|
| Library of Congress Classification | Samuel Ogbemudia Main Library, University of Abuja | Samuel Ogbemudia Main Library, University of Abuja | 06/02/2025 | 2025/6488182 | BV4211.3.B59 | 2025-2294 | Books | |
| Library of Congress Classification | Samuel Ogbemudia Main Library, University of Abuja | Samuel Ogbemudia Main Library, University of Abuja | 06/02/2025 | 2025/6488182 | BV4211.3.B59 | 2025-2295 | Books |